ბათუმის შოთა რუსთაველის სახელმწიფო უნივერსიტეტის ბიბლიოთეკა

მედეა. იფიგენია ავლისში. ბაკხოსის მხევლები (ბიბ.ჩანაწერი № 56089)

000 -LEADER
fixed length control field 00668nam a2200205Ia 4500
001 - CONTROL NUMBER
control field 23189
003 - CONTROL NUMBER IDENTIFIER
control field GE_BSU
008 - FIXED-LENGTH DATA ELEMENTS--GENERAL INFORMATION
fixed length control field 181216s||||||||xx |||||||||||||| ||und||
040 ## - CATALOGING SOURCE
Transcribing agency GE_BSU
080 ## - UNIVERSAL DECIMAL CLASSIFICATION NUMBER
Universal Decimal Classification number 821.14'01-21
100 ## - MAIN ENTRY--PERSONAL NAME
Personal name ევრიპიდე
245 ## - TITLE STATEMENT
Title მედეა. იფიგენია ავლისში. ბაკხოსის მხევლები
260 ## - PUBLICATION, DISTRIBUTION, ETC.
Place of publication, distribution, etc. თბილისი
260 ## - PUBLICATION, DISTRIBUTION, ETC.
Date of publication, distribution, etc. 1996
300 ## - PHYSICAL DESCRIPTION
Extent 542გვ. 22სმ.
653 ## - INDEX TERM--UNCONTROLLED
Uncontrolled term მეიგენია ავლისში. ბაკხოსის მხევლები
653 ## - INDEX TERM--UNCONTROLLED
Uncontrolled term ტრაგედია
942 ## - ADDED ENTRY ELEMENTS (KOHA)
Koha item type წიგნი
ეგზემპლარები
Withdrawn status Lost status Damaged status Not for loan Date acquired Barcode Date last seen Price effective from Koha item type Public note
        2018-12-17 00184 ქსეროქსი 2018-12-17 2018-12-17 წიგნი 4ლ.35თ.